Evolutionary economics applications of Schumpeter's ideas

Guardado en:
Detalles Bibliográficos
Otros Autores: Hanusch, Horst
Formato: Libro
Lenguaje:inglés
Publicado: Cambridge Cambridge University Press 2008
Edición:re-issue
Materias:
Etiquetas: Agregar Etiqueta
Sin Etiquetas, Sea el primero en etiquetar este registro!

MARC

LEADER 00000nam$a2200000$$$4500
001 0078257
005 20240315121724.7
020 |a 0-521-06707-3 
020 |a 978-0-521-06707-2 
041 0 |a eng 
044 |a GB 
245 1 0 |a Evolutionary economics  |b applications of Schumpeter's ideas  |c edited by Horst Hanusch 
250 |a re-issue 
264 1 |a Cambridge  |b Cambridge University Press  |c 2008 
300 |a 397 s. 
610 2 0 |a ekonómia 
610 2 0 |a teórie ekonomické 
610 2 0 |a podnikanie 
610 2 0 |a inovácia 
610 2 0 |a konkurencia 
610 2 0 |a politika hospodárska 
610 2 0 |a štát 
610 2 0 |a paradigma 
610 2 0 |a flexibilita 
610 2 0 |a Schumpeter, J. A. 
700 1 |a Hanusch, Horst